000 004470000a22001810004500
003 MACL
005 20150707162539.0
008 150707b xxu||||| |||| 00| 0 eng d
040 _aMACL
_cMACL
041 _aEnglish
082 _a307/SHA
100 _aSharma, Suresh
_91315
245 _aTribal Identity and the Modern world
260 _bSage Publications
_c1994
_aNew Delhi
350 _a225
650 _aSociology
_919
942 _cBK
_k307
_2ddc
999 _c3131
_d3131